000 01039cam a2200277 4500
001 ABS68111
008 040827n2004 000 0 eng u
035 _a(Sirsi) u127188
100 _aWatson, S.
245 _aSpecial report: regeneration east of England
260 _c2004
490 _aProperty Week
_v69(33/34) 13 August 2004, 65-72(4)
520 _a"Enemies at the gate" reports on preferred developers of Peterborough's North Westgate shopping scheme, Hammerson and Morley's, battle against time and a rival project to deliver a key part of the town's regenerative masterplan. "The white stuff" outlines developer Onslow's scheme for the world's largest indoor ski slope just outside Ipswich.
590 _aABS
590 _aABS
650 _aSUFFOLK
650 _aPETERBOROUGH
650 _aEASTERN ENGLAND
650 _aREGENERATION
650 _aSKI CENTRE
650 _aGREAT BLAKENHAM
650 _aSHOPPING CENTRES
650 _aLEISURE INDUSTRY
690 _aCOMMERCIAL PROPERTY-MARKET
942 _n0
999 _c117913
_d117913